DNS a banánból, sajtkóstoló és boszorkányok Vásárhelyen minden megtörtént egyetlen éj alatt /

Elmentve itt :
Bibliográfiai részletek
Szerző: Kovács Erika
Dokumentumtípus: Cikk
Megjelent: 2025-09-27
Sorozat:Delmagyar.hu
Kulcsszavak:Mezőgazdasági Kar - MGK, Rendezvénysorozat - Kutatók Éjszakája, Programok, Ismeretterjesztés, Tudománynépszerűsítés
Online Access:http://univ.bibl.u-szeged.hu/75604
LEADER 00898nab a2200181 i 4500
001 univ75604
005 20250929124243.0
008 250929s2025 hu o 000 hun d
040 |a SZTE UnivHistória Repozitórium  |b hun 
041 |a hun 
100 1 |a Kovács Erika 
245 1 0 |a DNS a banánból, sajtkóstoló és boszorkányok   |h [elektronikus dokumentum] :  |b Vásárhelyen minden megtörtént egyetlen éj alatt /  |c  Kovács Erika 
260 |c 2025-09-27 
490 0 |a Delmagyar.hu 
561 |a Egyetemi hirarchívum 
695 |a Mezőgazdasági Kar - MGK, Rendezvénysorozat - Kutatók Éjszakája, Programok, Ismeretterjesztés, Tudománynépszerűsítés 
700 0 1 |a Kovács Erika 
856 4 0 |u http://univ.bibl.u-szeged.hu/75604/1/DNS-vizsg%C3%A1lat%2C%20lovak%20nyelve%20%C3%A9s%20tejtot%C3%B3_%20k%C3%BCl%C3%B6nleges%20kutat%C3%B3k%20%C3%A9jszak%C3%A1ja%20V%C3%A1s%C3%A1rhelyen.pdf  |z Dokumentum-elérés